[Event "Barcelona Espluguenc Rapid"]
[Site "Barcelona"]
[Date "2022.09.11"]
[Round "6"]
[White "Royo Ruiz, Hugo"]
[Black "Harutyunyan Grigoryan, Yuri"]
[Result "0-1"]
[WhiteElo "1368"]
[BlackElo "1394"]
[PlyCount "75"]
[EventDate "2022.09.11"]
[EventType "swiss (rapid)"]
[EventRounds "7"]
[EventCountry "ESP"]
[SourceTitle "EXT 2023"]
[Source "ChessBase"]
[SourceDate "2022.10.05"]
[SourceVersion "1"]
[SourceVersionDate "2022.10.05"]
[SourceQuality "1"]

1. e4 e5 2. Nf3 Nc6 3. Bb5 Bc5 4. 0-0 d6 5. c3 Bd7 6. d4 exd4 7. cxd4 Bb6 8. Nc3 Nge7 9. Bf4 0-0 10. d5 Nb8 11. Bxd7 Nxd7 12. Ng5 h6 13. Nf3 Ng6 14. Bg3 Nf6 15. e5 dxe5 16. Nxe5 Nxe5 17. Bxe5 Ba5 18. Qf3 Bxc3 19. bxc3 Qxd5 20. Bxf6 Qxf3 21. gxf3 gxf6 22. Rfe1 Rfe8 23. Reb1 b6 24. h4 Rad8 25. Rb3 Re2 26. Ra3 a5 27. c4 Rdd2 28. Rf1 Rxa2 29. Rc3 Rac2 30. Rxc2 Rxc2 31. c5 Rxc5 32. Re1 a4 33. Re8+ Kg7 34. Re4 a3 35. Ra4 Ra5 36. Rg4+ Kh7 37. Rc4 a2 38. Rc1 0-1